| 000 | 01313cam a2200289 i 4500 | ||
|---|---|---|---|
| 003 | SA-RiAUC | ||
| 005 | 20250826065056.0 | ||
| 008 | 250816s2007 su g b 000r0 ara c | ||
| 040 |
_aSA-MaMIU _bara _cSA-RiAUC _erda |
||
| 082 | 0 | 4 |
_a251.6 _qSA-RiAUC |
| 090 |
_a251.6 _bخ ا د |
||
| 100 | 1 |
_aالخادمي، نور الدين مختار، _d1963- _eمؤلف. |
|
| 245 | 1 | 2 |
_aالقواعد الفقهية المتصلة بالسياسة الجنائية : _b(دراسة في بيان القواعد الفقهية المنظمة لأحكام وسياسات الجنايات والعقوبات) / _cتأليف نور الدين مختار الخادمي. |
| 250 | _aالطبعة الأولى. | ||
| 264 | 1 |
_aالرياض : _bمكتبة الرشد ناشرون، _c2007 |
|
| 300 |
_a87 صفحة ؛ _c22 × 15 سم |
||
| 336 |
_aنص _btxt _2rdacontent _3كتاب |
||
| 337 |
_aبدون وسيط _bn _2rdamedia |
||
| 338 |
_aمجلد _bnc _2rdacarrier |
||
| 504 | _aببليوجرافية : صفحة 79-84. | ||
| 504 | _aيشتمل على إرجاعات ببليوجرافية. | ||
| 650 | 7 |
_aالقواعد الفقهية _2aucsh |
|
| 650 | 7 |
_aالقانون الجنائي _2aucsh |
|
| 650 | 7 |
_aقانون العقوبات _2aucsh |
|
| 942 |
_2ddc _cBOOK _n0 |
||
| 949 |
_aSA-JeALM _d250816 _umohamedma123 _n1 |
||
| 999 |
_c11154 _d11154 |
||